| 000 | 00272nam a22000977a 4500 | ||
|---|---|---|---|
| 999 |
_c23611 _d23611 |
||
| 003 | Nust | ||
| 005 | 20170529121331.0 | ||
| 008 | 131219b xxu||||| |||| 00| 0 eng d | ||
| 020 |
_a0312018827 _cAvailable |
||
| 040 |
_aDLC _bDLC _cRCMS |
||
| 082 |
_25th,ed. _a909.82STO |
||
| 100 |
_a Stoessiger John G. _9334 |
||
| 245 | _aWhy Nations Go to war | ||
| 250 | _a5th,ed. | ||
| 260 |
_aLondon _bMacmillan Education _cc1990 |
||
| 300 |
_axiii,225 _bill: _c22,cm. |
||
| 538 | _iShelf # 13, Row # 4, Fiction. | ||
| 650 |
_aPolitical Science _9335 |
||
| 856 | _3Table of Content Only | ||
| 942 |
_2ddc _cFIC |
||